000 00224nam a22000857a 4500
008 160808b xxu||||| |||| 00| 0 eng d
100 _971
_aRastogi V.B
245 _aScience Power-VII
260 _aNew Delhi
_bSrijan Publication
_c2010
999 _c2723
_d2723